000 00384ntaaa2200157 4500
003 01
005 20251027202009.0
008 0714s1973 ag 01
040 _aAR-BaBN
_bspa
_cAR-BaBN
_eaacr
_dRIC
082 _a261.0000 S
100 _aScott, Ernesto F.
_918542
245 _aEl caracter de la iglesia primitiva
250 _a1 ed. :
_bs.l.,
_cn.f.
650 _aIglesia
942 _cBK
999 _c14703
_d14703